| 000 | 01012nam a2200253 a 4500 | ||
|---|---|---|---|
| 001 | BRCA_1717 | ||
| 005 | 20190320203524.0 | ||
| 008 | 940317s1990 mx-a---##b---#000-0#spa-# | ||
| 020 | _a9684996454 | ||
| 040 |
_aDLC _cDLC |
||
| 050 | 4 |
_aHV6665 _b.N84 1990 |
|
| 245 | 1 | 0 |
_aDe nuestros tesoros y sus custodios _bhistoria y leyendas _ccoordinación Carmen Valles Septién ; introducción Sergio García Ramírez. |
| 260 |
_a[México] _bServicio Pan Americano de Protección _c1990 |
||
| 300 |
_axiv, 149 p. _bil. (algunas a color) _c28 cm. |
||
| 500 | _aIncluye piezas de la colección Franz Mayer: p. x y xiv | ||
| 504 | _aIncluye referencias bibliográficas | ||
| 610 | 2 | 4 |
_aServicio Pan Americano de Protección (México) _xHistoria _95371 |
| 650 | 1 | 4 |
_aRobo _xHistoria _zMéxico _95372 |
| 650 | 1 | 4 |
_aRobo _xPrevención _zMéxico _95373 |
| 650 | 1 | 4 |
_aServicios de seguridad privada _xHistoria _zMéxico _95374 |
| 700 | 1 |
_aValles Septién, Carmen _93842 |
|
| 700 | 1 |
_aGarcía Ramírez, Sergio _95375 |
|
| 942 |
_2lcc _cB |
||
| 999 |
_c1507 _d1507 |
||